LEADER 03751nam 2200565I 450 001 9910793973303321 005 20191115113055.0 010 $a1-83867-481-0 010 $a1-83867-479-9 035 $a(CKB)4100000009667678 035 $a(MiAaPQ)EBC5963802 035 $a(UtOrBLW)9781838674793 035 $a(EXLCZ)994100000009667678 100 $a20191115h20192020 uy 0 101 0 $aeng 135 $aurun||||||||| 181 $ctxt$2rdacontent 182 $cc$2rdamedia 183 $acr$2rdacarrier 200 10$aIssues and challenges in the Malaysian economy $etowards inclusive growth /$fMohd Fahmee Ab Hamid (Multimedia University, Malaysia), Umar Abdul Basar (Universiti Sultan Azlan Shah, Malaysia), Rozilee Asid (Universiti Malaysia Sabah, Malaysia), Wan Farisan Wan Sulaiman (Ministry of Finance, Malaysia), Elya Nabila Abdul Bahri (University of Malaya, Malaysia), Nor Fatimah Che Sulaiman (Universiti Malaysia Terengganu, Malaysia), and Norlee Ramli (Malaysian Rubber Board, Malaysia) 210 1$aBingley, United Kingdom :$cEmerald Publishing Limited,$d[2020] 210 4$d©2020 215 $a1 online resource (153 pages) 225 1 $aEmerald points 300 $aIncludes index. 311 $a1-83867-482-9 327 $aPrelims -- 1 How Foreign Capital, Triadic Patent Propensity and Intellectual Property Rights Protection Can Assist in Inclusive Growth: Implications From Developing Economies -- 2 Cost Efficiency on Bank Market Risk: Towards Inclusive Growth -- 3 An Analysis of Capital Flight Risk: Case for Human Capital in Inclusive Growth -- 4 Foreign Direct Investment, Financial Development, Exchange Rate Volatility: An Analysis of the Malaysian Inequitable Development -- 5 Economic Growth and Income Distribution: A Study of Malaysia Inclusive Growth Index -- 6 Rubber Price Volatility and Inequality in Economic Development -- 7 The Role of Fiscal Policy in Inclusive Growth in Malaysia -- Index. 330 $aFocusing on Malaysia's shifting economic profile and position, this book investigates a range of new developments impacting on growth, such as the effects of the digital economy on jobs creation and the threats of environmental degradation and trade protectionism. In developing the debate around the importance of achieving high economic growth through various government initiatives, the chapters discuss a number of issues, including:trade and innovation economicscapital flight riskfinancial developmentincome inequalityfiscal policy sustainabilityagricultural economyA leading team of Malaysian economics and business scholars offer new insights and perspectives to scholars and researchers working in the fields of economic policy, developing economics and East Asian studies, who are interested in the multiple challenges facing this fast-moving economy. 410 0$aEmerald points. 606 $aEconomic development$zMalaysia 606 $aBusiness & Economics$xDevelopment$xEconomic Development$2bisacsh 606 $aDevelopment economics & emerging economies$2bicssc 607 $aMalaysia$xEconomic conditions 615 0$aEconomic development 615 7$aBusiness & Economics$xDevelopment$xEconomic Development. 615 7$aDevelopment economics & emerging economies. 676 $a338.9595 700 $aHamid$b Mohd Fahmee Ab$01582917 702 $aBasar$b Umar Abdul 702 $aAsid$b Rozilee 702 $aWan Sulaiman$b Wan Farisan 702 $aBahri$b Elya Nabila Abdul 702 $aChe Sulaiman$b Nor Fatimah 702 $aRamli$b Norlee 801 0$bUtOrBLW 801 1$bUtOrBLW 906 $aBOOK 912 $a9910793973303321 996 $aIssues and challenges in the Malaysian economy$93865678 997 $aUNINA LEADER 02331nam 22006253u 450 001 9910155800903321 005 20250513221107.0 010 $a9783451336096 010 $a345133609X 035 $a(CKB)3790000000019529 035 $a(EBL)2049883 035 $a(OCoLC)909145329 035 $a(MiAaPQ)EBC2049883 035 $a(Au-PeEL)EBL2049883 035 $a(Perlego)2098282 035 $a(EXLCZ)993790000000019529 100 $a20151005d2011|||| u|| | 101 0 $ager 135 $aur|n|---||||| 181 $ctxt$2rdacontent 182 $cc$2rdamedia 183 $acr$2rdacarrier 200 10$aIch will, dass meine Kinder nicht mehr lügen müssen 205 $a1st ed. 210 $cHerder Verlag$d2011 215 $a1 online resource (448 p.) 300 $aDescription based upon print version of record. 311 08$a9783451062728 311 08$a3451062720 311 08$a9783451303555 311 08$a3451303558 327 $a""Czerni und der lange Schatten der Stasi""""Lob des Rechts""; ""Register""; ""Bildnachweise"" 330 $aLothar de Maizie?re erza?hlt ausfu?hrlich, offen und perso?nlich von den Monaten im Jahr 1990, in denen er Weltgeschichte schrieb. Sein Bericht korrigiert viele Missversta?ndnisse, Mythen und Irrtu?mer u?ber die aufregendste und wichtigste Phase der europa?ischen Nachkriegsgeschichte. 606 $aGermany -- History -- Unification, 1990 606 $aGermany (East) -- Politics and government -- 1989-1990 606 $aMaizie?re, Lothar de 606 $aPoliticians -- Germany (East) -- Biography 607 $aGermany$xHistory$yUnification, 1990 607 $aGermany (East)$xPolitics and government$y1989-1990 607 $aDeutschland$2swd 615 4$aGermany -- History -- Unification, 1990. 615 4$aGermany (East) -- Politics and government -- 1989-1990. 615 4$aMaizie?re, Lothar de. 615 4$aPoliticians -- Germany (East) -- Biography. 676 $a943.0878092 686 $a943$2GyFmDB 700 $aMaizie?re$b Lothar de$01242072 701 $aResing$b Volker$01242073 801 0$bAU-PeEL 801 1$bAU-PeEL 801 2$bAU-PeEL 906 $aBOOK 912 $a9910155800903321 996 $aIch will, dass meine Kinder nicht mehr lu?gen mu?ssen$92881080 997 $aUNINA